000
00220nam a2200097Ia 4500
008
190216s9999||||xx |||||||||||||| ||und||
100
_a
Kushwat Singh
245
2
_a
A Train To Pakisthan
260
_b
Pearl Pub
942
_c
BK
999
_c
12120
_d
12120